000 00269nam a2200121Ia 4500
100 _aMukhi/ Vijay
942 _cBK
654 _aComputer
245 _a''''C'''' Odyssey unix open Boundless C.
260 _bBPB Pub
_aNew Delhi
_c1992
546 _aENGLISH
999 _c33516
_d33516